España ante los impactos recientes sobre las cadenas de valor globales y la integración comercial internacional (Registro nro. 53618)
[ vista simple ]
| 000 -CABECERA | |
|---|---|
| Longitud fija campo de control | 01764nam a2200457 c 4500 |
| 001 - NÚMERO DE CONTROL | |
| Número de control | 53618 |
| 003 - IDENTIFICADOR DE NÚMERO DE CONTROL | |
| Identificador del número de control | ES-MaCES |
| 005 - FECHA Y HORA DE LA ÚLTIMA TRANSACCIÓN | |
| Fecha y hora de la última transacción | 20250325105827.0 |
| 007 - PHYSICAL DESCRIPTION FIXED FIELD--GENERAL INFORMAT | |
| Campo fijo de descripción física | cr ||||||||||| |
| 008 - CAMPO FIJO DE DESCRIPCIÓN FIJA--INFORMACIÓN GENERAL | |
| Códigos de información de longitud fija | 250313s2024 sp r 000 | spa d |
| 017 ## - NÚMERO DE REGISTRO DE DERECHOS DE AUTOR Y DEPÓSITO LEGAL | |
| Número de copyright o de depósito legal | BI 01082-2024 |
| Agencia que asigna el número | DL |
| 020 ## - ISBN (INTERNATIONAL STANDARD BOOK NUMBER) | |
| Número Internacional Normalizado para Libros (ISBN) | 9788419751003 |
| 040 ## - FUENTE DE CATALOGACIÓN | |
| Centro catalogador de origen | ES-MaCES |
| Lengua de catalogación | spa |
| Centro transcriptor | ES-MaCES |
| 100 1# - ENCABEZAMIENTO PRINCIPAL--NOMBRE PERSONAL | |
| 9 (RLIN) | 24223 |
| Nombre de persona | Solaz Alamá, Marta |
| 245 10 - MENCIÓN DE TÍTULO | |
| Título | España ante los impactos recientes sobre las cadenas de valor globales y la integración comercial internacional |
| Mención de responsabilidad, etc. | dir. por, Francisco Pérez García e Iván Arribas Fernández ; [autores], Marta Solaz Alamà, Eva Benages Candau, Miguel Ángel Casquet Cano |
| 250 ## - MENCIÓN DE EDICIÓN | |
| Mención de edición | 1ª ed |
| 260 ## - PUBLICACIÓN, DISTRIBUCIÓN, ETC (PIE DE IMPRENTA) | |
| Lugar de publicación, distribución, etc. | Bilbao |
| Nombre del editor, distribuidor, etc. | Fundación BBVA |
| Fecha de publicación, distribución, etc. | 2024 |
| 300 ## - DESCRIPCIÓN FÍSICA | |
| Extensión | 255 p. |
| Dimensiones | 24 cm |
| Material anejo | 1 documento pdf (4,17 mb) |
| 504 ## - NOTA DE BIBLIOGRAFÍA, ETC. | |
| Nota de bibliografía, etc. | Bibliografía: p. 231-240 |
| 541 ## - NOTA DE LA FUENTE INMEDIANTE DE ADQUISICIÓN | |
| Forma de adquisición | Compra |
| 650 #4 - ASIENTO SECUNDARIO DE MATERIA--TÉRMINO DE MATERIA | |
| Término de materia o nombre geográfico como elemento inicial | globalización económica |
| 9 (RLIN) | 30653 |
| 650 #4 - ASIENTO SECUNDARIO DE MATERIA--TÉRMINO DE MATERIA | |
| Término de materia o nombre geográfico como elemento inicial | planificación de la producción |
| 9 (RLIN) | 29414 |
| 650 #4 - ASIENTO SECUNDARIO DE MATERIA--TÉRMINO DE MATERIA | |
| Término de materia o nombre geográfico como elemento inicial | industrias manufactureras |
| 9 (RLIN) | 27622 |
| 650 #4 - ASIENTO SECUNDARIO DE MATERIA--TÉRMINO DE MATERIA | |
| Término de materia o nombre geográfico como elemento inicial | integración económica |
| 9 (RLIN) | 27962 |
| 650 #4 - ASIENTO SECUNDARIO DE MATERIA--TÉRMINO DE MATERIA | |
| Término de materia o nombre geográfico como elemento inicial | comercio internacional |
| 9 (RLIN) | 27958 |
| 650 #4 - ASIENTO SECUNDARIO DE MATERIA--TÉRMINO DE MATERIA | |
| Término de materia o nombre geográfico como elemento inicial | relaciones comerciales |
| 9 (RLIN) | 27965 |
| 650 #4 - ASIENTO SECUNDARIO DE MATERIA--TÉRMINO DE MATERIA | |
| Término de materia o nombre geográfico como elemento inicial | política de comercio internacional |
| 9 (RLIN) | 27989 |
| 650 #4 - ASIENTO SECUNDARIO DE MATERIA--TÉRMINO DE MATERIA | |
| Término de materia o nombre geográfico como elemento inicial | evaluación del impacto |
| 9 (RLIN) | 30732 |
| 650 #4 - ASIENTO SECUNDARIO DE MATERIA--TÉRMINO DE MATERIA | |
| Término de materia o nombre geográfico como elemento inicial | consecuencias económicas |
| 9 (RLIN) | 27082 |
| 650 #4 - ASIENTO SECUNDARIO DE MATERIA--TÉRMINO DE MATERIA | |
| Término de materia o nombre geográfico como elemento inicial | España |
| 9 (RLIN) | 26964 |
| 650 #4 - ASIENTO SECUNDARIO DE MATERIA--TÉRMINO DE MATERIA | |
| Término de materia o nombre geográfico como elemento inicial | 1995-2022 |
| 9 (RLIN) | 40958 |
| 653 10 - TÉRMINO DE INDEXACIÓN--NO CONTROLADO | |
| Término no controlado | Comercio internacional |
| 700 1# - ENCABEZAMIENTO SECUNDARIO--NOMBRE PERSONAL | |
| Nombre de persona | Benages Candau, Eva |
| 9 (RLIN) | 7478 |
| 700 1# - ENCABEZAMIENTO SECUNDARIO--NOMBRE PERSONAL | |
| Nombre de persona | Casquet Cano, Miguel Ángel |
| 9 (RLIN) | 41322 |
| 700 1# - ENCABEZAMIENTO SECUNDARIO--NOMBRE PERSONAL | |
| Nombre de persona | Pérez García, Francisco |
| 9 (RLIN) | 20776 |
| Término indicativo de función | dir. |
| 700 1# - ENCABEZAMIENTO SECUNDARIO--NOMBRE PERSONAL | |
| Nombre de persona | Arribas Fernández, Iván |
| 9 (RLIN) | 6597 |
| Término indicativo de función | dir. |
| 710 2# - ENCABEZAMIENTO SECUNDARIO--NOMBRE CORPORATIVO | |
| Nombre de entidad o nombre de jurisdicción como elemento inicial | Fundación BBVA |
| Término indicativo de función | ed. |
| 9 (RLIN) | 3766 |
| 856 4# - ACCESO ELECTRÓNICO | |
| Identificador Uniforme del Recurso (URI) | http://biblioteca.ces.es/repintra/B53618.pdf |
| Texto del enlace | texto completo |
| Nota pública | [intranet] |
| 902 ## - CES. TIPO DE DOCUMENTO | |
| Tipodoc (006$c Sirtex) | LIB Libro |
| 942 ## - ELEMENTOS KOHA | |
| Fuente de clasificaión o esquema | Clasificación propia del CES |
| Koha [por defecto] tipo de item | Monografías |
| Parte de clasificación | Economía |
| Número de registro | Signatura completa | Tipo de item de Koha |
|---|---|---|
| 203094 | SG-0.0.-866 | Monografías |
